Синтез новых индолов, бензофуранов и бис-1,2-дикетонов из анилинов и фенолов; Химия и химическая технология в XXI веке

Détails bibliographiques
Parent link:Химия и химическая технология в XXI веке.— 2005.— С. 120-121
Auteur principal: Конышева О. В.
Autres auteurs: Тверякова Е. Н. (научный руководитель)
Langue:russe
Publié: 2005
Sujets:
Format: Chapitre de livre
KOHA link:https://koha.lib.tpu.ru/cgi-bin/koha/opac-detail.pl?biblionumber=138637

MARC

LEADER 00000naa2a2200000 4500
001 138637
005 20231031141516.0
035 |a (RuTPU)RU\TPU\book\150214 
090 |a 138637 
100 |a 20080528d2005 k y0rusy50 ca 
101 0 |a rus 
102 |a RU 
200 1 |a Синтез новых индолов, бензофуранов и бис-1,2-дикетонов из анилинов и фенолов  |f О. В. Конышева  |g науч. рук. Е. Н. Тверякова 
320 |a Библиогр.: 1 назв. 
463 0 |0 (RuTPU)RU\TPU\book\118373  |t Химия и химическая технология в XXI веке  |o материалы VI Всероссийской студенческой научно-практической конференции, 11-12 мая 2005 г., Томск  |f Томский политехнический университет; под ред. А. А. Бакибаева  |v С. 120-121  |d 2005  |p 352 с. 
610 1 |a индолы 
610 1 |a синтез 
610 1 |a бензофураны 
610 1 |a бис-1,2-дикетоны 
610 1 |a анилины 
610 1 |a фенолы 
610 1 |a гетероциклические соединения 
610 1 |a труды учёных ТПУ 
700 1 |a Конышева  |b О. В. 
702 1 |a Тверякова  |b Е. Н.  |4 727 
801 1 |a RU  |b 63413507  |c 20080528  |g PSBO 
801 2 |a RU  |b 63413507  |c 20111220  |g RCR 
942 |c BK